Finančné lobby alebo profesná spoločnosť. Vo svete sú známe len asociácie bánk alebo asociácie poisťovní.

Oproti svetovému trendu vytvárať samostatné asociácie bánk a asociácie poisťovní, ktorých úlohou je zastupovať ich záujmy pri rokovaniach so štátnymi orgánmi a účasť na tvorbe legislatívy, vytvorením slovenskej Asociácie bánk a poisťovní (tvorí ju 8 peňažných ústavov a 2 poisťovne) vzniká nebezpečen...

Ausführliche Beschreibung

Gespeichert in:
Bibliographische Detailangaben
1. Verfasser: Klimešová, E.
Format: Buchkapitel
Sprache:Slowakisch
Schlagworte:
Tags: Tag hinzufügen
Keine Tags, Fügen Sie das erste Tag hinzu!

MARC

LEADER 00000naa a2200000 4500
001 r013612
005 20221205080558.7
041 0 |a slo 
044 |a SK 
245 1 0 |a Finančné lobby alebo profesná spoločnosť.  |b Vo svete sú známe len asociácie bánk alebo asociácie poisťovní.  |c E. Klimešová 
520 |a Oproti svetovému trendu vytvárať samostatné asociácie bánk a asociácie poisťovní, ktorých úlohou je zastupovať ich záujmy pri rokovaniach so štátnymi orgánmi a účasť na tvorbe legislatívy, vytvorením slovenskej Asociácie bánk a poisťovní (tvorí ju 8 peňažných ústavov a 2 poisťovne) vzniká nebezpečenstvo vytvorenia finančnej lobby, prípadne uprednostňovanie riešenia úloh iba jednej oblasti na úkor druhej. Problémy v hľadaní medzinárodného partnera. 
610 2 0 |a Asociácia bánk a poisťovní 
610 2 0 |a Slovensko 
610 2 0 |a lobizmus 
610 2 0 |a financie 
100 1 |a Klimešová, E.